Communications News

Detalles Bibliográficos
Formato: eBook
Lenguaje:inglés
Publicado: Estados Unidos Nelson Publishing 1984-2009
Materias:
Acceso en línea:Acceso restringido

MARC

LEADER 00000nam a22000007a 4500
005 20151109124726.0
007 cr|||| ||u|
008 151109s19842009-usu|||os|||| 0|||a1eng d
022 |a 0010-3632  
035 |a 2855 
040 |a vLex 
090 |c 5687  |d 5687 
245 1 0 |a Communications News  |h [Recurso electrn̤ico] /  |c Nelson Publishing  
256 |a Servicio en ln̕ea  
260 |a Estados Unidos   |b Nelson Publishing   |c 1984-2009  
300 |a 1 recurso electrn̤ico  
310 |a Irregular  
500 |a Communications News has, since 1964, served senior-level IT, network, and communications professionals at enterprise organizations. Editorial coverage focuses on practical, real-world solutions in security, storage, mobile computing, remote access, VPNs, network testing, and wireless 
506 1 |a Contenido solo disponible en los productos indicados  |d vLex Global  |d vLex Global (Academic Edition, excluding Law Schools)  |d vLex Global (U.S. Academic Edition, Law Schools)  |d vLex Global (U.S. Academic Edition, excluding Law Schools)  |d vLex Global (Academic Edition, Law Schools) 
650 0 4 |a Tecnologia  |z Estados Unidos  
740 0 |a vLex revista (servicio en ln̕ea)  
856 4 0 |u http://vlex.com/source/communications-news-2855  |z Acceso restringido  
942 |c REV 
999 0 |a Tecnhology